000 00789nam a2200217Ia 4500
005 20211111074331.0
008 130821s1988 ag gr spa
020 _a9505082770
040 _aCo-BoUCM
_bspa
041 0 0 _aspa
100 1 _aGutiérrez Falla, Laureano F.
_9163047
245 1 0 _aDerecho Mercantil contrato societario y derechos individuales de los accionistas
_cLaureano F. Gutiérrez Falla
260 _aBuenos Aires (Argentina)
_bEditorial Astrea
_c1988
300 _a529 páginas
504 _aincluye bibliografía
650 0 4 _aContratos
_911818
650 0 4 _aSociedades civiles (Derecho)
_xLegislación
_9163048
650 0 4 _aSociedades comerciales
_xLegislación
_924740
942 _cLIBRO
_a8
_e1
_mG984
_2DEWEY
_h346.0682
999 _c50846
_d50846